European communities glosary. Glossaire des communautés européenes Français - English F E

Đã lưu trong:
Chi tiết về thư mục
Tác giả của công ty: Comité Economique et Social
Định dạng: Texto
Được phát hành: Luxemburgo: Office des publications officielles des Communautés européenes
Phiên bản:8
Các nhãn: Thêm thẻ
Không có thẻ, Là người đầu tiên thẻ bản ghi này!

MARC

LEADER 00000 a a2200000 04500
001 25251
003
040
020 |a 92-824-0131-6  
090 |a R 182500  
110 |a Comité Economique et Social  
245 |a European communities glosary. Glossaire des communautés européenes Français - English F E  
250 |a 8  
260 |a Luxemburgo:   |b Office des publications officielles des Communautés européenes  
300 |a 1589 p  
999 |c 14593  |d 14593